Demà /
ISBN:
9788418022982
Descripción Física:
115 pàgines ; 19 cm
Colección:
Dramaticles. Dramatúrgia contemporània
; 28
Otros Autores:
Gallardo, Laurent
Idioma:
Catalán
MARC
| LEADER | 00000nam a2200000 i 4500 | ||
|---|---|---|---|
| 001 | 25188 | ||
| 003 | Arxiu | ||
| 005 | 20260324180727.0 | ||
| 008 | 211118e202110 spc|||| |||| 0|0 d|cat|c | ||
| 017 | |a DL B 16254-2021 |b Biblioteca de Catalunya | ||
| 020 | |a 9788418022982 | ||
| 020 | |a 9788498039917 | ||
| 040 | |a ES-BaIT |b cat |e rda |c ES-BaIT | ||
| 080 | |a 849.9-2"20" | ||
| 100 | 1 | |a Tornero, Helena, |d 1973- |e autor | |
| 245 | 1 | 0 | |a Demà / |c Helena Tornero ; epíleg de Laurent Gallardo |
| 250 | |a Primera edició | ||
| 264 | 1 | |a Barcelona : |b Institut del Teatre : |b Comanegra, |c octubre del 2021 | |
| 300 | |a 115 pàgines ; |c 19 cm | ||
| 336 | |a text |b txt |2 rdacontent | ||
| 337 | |a sense mediació |b n |2 rdamedia | ||
| 338 | |a volum |b nc |2 rdacarrier | ||
| 490 | |a Drama-ticles. Dramatúrgia contemporània ; |v 28 | ||
| 500 | |a P4: D2, H2 i altres | ||
| 700 | 1 | |a Gallardo, Laurent, |e escriptor d'un epíleg | |
| 710 | 2 | |a Institut del Teatre (Barcelona, Catalunya) |9 52662 | |
| 830 | 0 | |a Dramaticles. |p Dramatúrgia contemporània |v 28 |9 55677 | |
| 908 | |a CDMAE | ||
| 940 | |a CDMAE | ||
| 942 | |2 udc |c ARXIU |n 1 | ||
| 952 | |0 0 |1 0 |4 0 |6 BIB459 |7 1 |9 61045 |a Arxiu |b Arxiu |d 2022-03-01 |l 0 |o Bib-459 |p 25188 |r 2022-03-01 00:00:00 |w 2022-03-01 |y ARXIU | ||
| 999 | |c 81169 |d 81169 | ||